LDR 01360nam a2200313 i 4500 001 000000241518 003 CaOOAMICUS 005 20260327091400.0 008 150505s1615 xx u000 u lat u 013 $a220423 026 $arii- esca abum chte (3) 1615 (R) 040 $aSeMil$bita 100 1 $aBellarmino, Roberto,$c
.$0(OLS)http://semarc/name/1158 245 13$aDe ascensione mentis in Deum per scalas rerum creatarum opusculum Roberti cardinalis Bellarmini è Societate Iesu. .. 260 $aRomae :$bApud Iacobum Mascardum,$c1615. 300 $a[22], 392, [4], p. ;$c12º. 500 $aEmblema dei gesuiti sul front. 500 $aErrata in fine. 500 $aSegn.: †12 (-†12) A-Q12 R6 (R6 bianca) 500 $aIniz., fregi xilogr. 500 $aFront. e testo in cornice 700 1 $aMascardi, Giacomo,$c
.$0(OLS)http://semarc/name/81679 850 $aSeMil 852 $aSeMil$W1$xVenegono$y1$m3F I 147 FA$j191864$B191864$CSeMilBibl$Z2$F202661 $8I 941 1 $a10 961 $aRecupero: Mantegazza
996 $6245$aDe ascensione mentis in Deum per scalas rerum creatarum opusculum Roberti cardinalis Bellarmini è Societate Iesu. ..$9(OLS)http://semarc/title/343254 996 $6260$aRomae :$bApud Iacobum Mascardum$9(OLS)http://semarc/publisher/54587